书目信息 |
| 题名: |
人文社会科学方法论
|
|
| 作者: | 黄正华 著 | |
| 分册: | ||
| 出版信息: | 北京 社会科学文献出版社 2016 |
|
| 页数: | 262页 | |
| 开本: | 24cm | |
| 丛书名: | ||
| 单 册: | ||
| 中图分类: | C03 | |
| 科图分类: | ||
| 主题词: | 社会科学--she hui ke xue--方法论 | |
| 电子资源: | ||
| ISBN: | 978-7-5097-8677-2 | |
| 000 | 00922nam0 22002411 450 | |
| 001 | 0118172230 | |
| 005 | 20170618172230.0 | |
| 010 | @a978-7-5097-8677-2@dCNY69.00 | |
| 100 | @a20160406d2016 em y0chiy50 ea | |
| 101 | 0 | @achi |
| 102 | @aCN@b110000 | |
| 105 | @ay z 000yy | |
| 106 | @ar | |
| 200 | 1 | @a人文社会科学方法论@Aren wen she hui ke xue fang fa lun@dThe methodology of humanities and social sciences@f黄正华著@zeng |
| 210 | @a北京@c社会科学文献出版社@d2016 | |
| 215 | @a262页@d24cm | |
| 330 | @a本书包括知识的基本特征、事实、人文社会科学理论的基本特征、基本认识过程、事实的获取与表达、发现方法、检验标准、科学解释、人文社会科学研究与价值观念等内容。 | |
| 510 | 1 | @aMethodology of humanities and social sciences@zeng |
| 606 | 0 | @a社会科学@Ashe hui ke xue@x方法论 |
| 690 | @aC03@v5 | |
| 701 | 0 | @a黄正华@Ahuang zheng hua@f(1970~)@4著 |
| 801 | 0 | @aCN@bTANGWEI@c20170615 |
| 905 | @b1008957-62@dC03@e34@f6 | |
| 人文社会科学方法论=The methodology of humanities and social sciences/黄正华著.-北京:社会科学文献出版社,2016 |
| 262页;24cm |
| ISBN 978-7-5097-8677-2:CNY69.00 |
| 本书包括知识的基本特征、事实、人文社会科学理论的基本特征、基本认识过程、事实的获取与表达、发现方法、检验标准、科学解释、人文社会科学研究与价值观念等内容。 |
| ● |
| 相关链接 |
|
|
|
|
正题名:人文社会科学方法论
索取号:C03/34
 
预约/预借
| 序号 | 登录号 | 条形码 | 馆藏地/架位号 | 状态 | 备注 |
| 1 | 1008957 | 210089571 | 第一样本阅览室/ [索取号:C03/34] | 在馆 | |
| 2 | 1008958 | 210089580 | 教育系资料室/ [索取号:C03/34] | 在馆 | |
| 3 | 1008959 | 210089599 | 教育系资料室/ [索取号:C03/34] | 在馆 | |
| 4 | 1008960 | 210089606 | 教育系资料室/ [索取号:C03/34] | 在馆 | |
| 5 | 1008961 | 210089615 | 第一借阅区/ [索取号:C03/34] | 在馆 | |
| 6 | 1008962 | 210089624 | 第一借阅区/ [索取号:C03/34] | 在馆 |